LEADER 01482nam a2200325 i 4500 001 000000160186 003 CaOOAMICUS 005 20070314000000.0 008 070314s2007 it u000 u ita u 013 $a137549 020 $a978-88-01-03746-3 040 $aSeMil$bita 100 1 $aRusso, Giovanni,$d<1963- >.$0(OLS)http://semarc/name/22787 245 10$aEvangelium amoris :$bcorso di morale familiare e sessuale /$cGiovanni Russo. 260 $aLeumann (Torino) :$bElledici,$c2007. 260 $aMessina :$bItst,$c2007. 300 $a270 p. ;$c24 cm. 490 0 $aManuali di Panteno. Teologia ;$v3 500 $aContiene : Bibliografia generale. 650 4$aFamiglia - Concezione cristiana.$0(OLS)http://semarc/subject/1374 650 4$aMorale cristiana - Chiesa cattolica.$0(OLS)http://semarc/subject/1419 650 4$aFamiglia - Etica e morale.$0(OLS)http://semarc/subject/45819 830 0$aManuali di Panteno. Teologia ;$v3.$0(OLS)http://semarc/title/22409 850 $aSeMil 852 $aSeMil$W1$xVenegono$y1$m2E IV 307$j111662$B111662$CSeMilBibl$Z2$F121831 $81 961 $aOmaggio per recensione: Scuola Cattolica 996 $6020$a978-88-01-03746-3$9(OLS)http://semarc/number/75905 996 $6245$aEvangelium amoris :$bcorso di morale familiare e sessuale$9(OLS)http://semarc/title/142642 996 $6260$aMessina :$bItst$9(OLS)http://semarc/publisher/33480 996 $6260$aLeumann (Torino) :$bElledici$9(OLS)http://semarc/publisher/31236 LEADER 01107nam a2200265 i 4500 001 000000037504 003 CaOOAMICUS 005 20100216000000.0 008 100216s1942 it u000 u ita u 013 $a7789 040 $aSeMil$bita 100 1 $aKrebs, Arsène.$0(OLS)http://semarc/name/17881 245 10$aDio mi basta :$bspecialmente dedicato agli amici del Cuore Eucaristico di Gesù /$cArsène Krebs Redentorista. 250 $a2. ed. 260 $aMilano :$bÀncora,$c1942. 300 $a293 p. ;$c16 cm. 490 0 $aCapolavori ascetici e mistici ;$v20 500 $aIn mezzo al front : Traduzione dal Francese. 650 4$aMeditazioni.$0(OLS)http://semarc/subject/1352 830 0$aCapolavori ascetici e mistici ;$v20.$0(OLS)http://semarc/title/6720 850 $aSeMil 852 $aSeMil$W1$xVenegono$y1$m3F I 94$j3659$B3659$CSeMilBibl$Z2$F3659 $81 961 $aOmaggio: Deposito 996 $6245$aDio mi basta :$bspecialmente dedicato agli amici del Cuore Eucaristico di Gesù$9(OLS)http://semarc/title/52531 996 $6260$aMilano :$bÀncora$9(OLS)http://semarc/publisher/29763